Answer Book: (Record no. 586413)
[ view plain ]
| 000 -LEADER | |
|---|---|
| fixed length control field | 00517nam a22001457a 4500 |
| 020 ## - INTERNATIONAL STANDARD BOOK NUMBER | |
| International Standard Book Number | 9781426215902 |
| 040 ## - CATALOGING SOURCE | |
| Transcribing agency | NUST |
| 082 ## - DEWEY DECIMAL CLASSIFICATION NUMBER | |
| Classification number | 910 ANS |
| 100 ## - MAIN ENTRY--PERSONAL NAME | |
| Personal name | Thornton, Kathryn |
| 9 (RLIN) | 82167 |
| 245 ## - TITLE STATEMENT | |
| Title | Answer Book: |
| Remainder of title | 10,001 Fast Facts About Our World |
| 250 ## - EDITION STATEMENT | |
| Edition statement | Updated Edition |
| 260 ## - PUBLICATION, DISTRIBUTION, ETC. | |
| Place of publication, distribution, etc. | USA: |
| Name of publisher, distributor, etc. | National Geographic Society Penguin Random House, |
| Date of publication, distribution, etc. | 2009. |
| 650 ## - SUBJECT ADDED ENTRY--TOPICAL TERM | |
| Topical term or geographic name entry element | Geography -- Handbooks, manuals, etc. World history -- Handbooks, manuals, etc. Civilization -- Handbooks, manuals, etc. |
| 9 (RLIN) | 88900 |
| 942 ## - ADDED ENTRY ELEMENTS (KOHA) | |
| Source of classification or shelving scheme | |
| Koha item type | Book |
| Withdrawn status | Lost status | Source of classification or shelving scheme | Damaged status | Not for loan | Permanent Location | Current Location | Shelving location | Date acquired | Total Checkouts | Full call number | Barcode | Date last seen | Price effective from | Koha item type |
|---|---|---|---|---|---|---|---|---|---|---|---|---|---|---|
| College of Electrical & Mechanical Engineering (CEME) | College of Electrical & Mechanical Engineering (CEME) | General Stacks | 09/07/2021 | 910 ANS | CEME-50576 | 09/07/2021 | 09/07/2021 | Book |
